| 000 | 00937nas a2200289 4500 | ||
|---|---|---|---|
| 001 | BR2012008476 | ||
| 003 | BR-BrBNA | ||
| 005 | 20231205121435.0 | ||
| 007 | ta | ||
| 008 | 230509b bl.|||p| |||| 00| 00por d | ||
| 040 |
_aBR-BrBNA _bpor _cBiblioteca Nacional de Agricultura |
||
| 041 | _a(Pt) | ||
| 072 | _aE71 | ||
| 100 | 1 | _aCosta, C.K.F. | |
| 100 | 1 | _aMaia, S.F. | |
| 100 | 1 | _aSampaio, L.M.B. | |
| 245 | 1 | _aExportações brasileira de suco de laranja e subsídios americanos: uma análise empírica de estratégias comerciais (1991-2006) | |
| 650 | _aSUCO DE LARANJA | ||
| 650 | _aSUCO CONCENTRADO | ||
| 650 | _aEXPORTAÇÃO | ||
| 650 | _aSUBSÍDIO | ||
| 650 | _aANÁLISE ECONÔMICA | ||
| 650 | _aMODELO MATEMÁTICO | ||
| 773 | 0 |
_tRevista de Economia e Sociologia Rural (Brazil) _xISSN 0103-2003 _g(Jan-Mar 2012), v. 50(1) p. 83-106 _wBR2012008476 |
|
| 909 |
_a202311 _bLúcia _c55 _dLúcia Elande |
||
| 942 |
_2AGRIS _n0 _cANA |
||
| 999 |
_c223588 _d223588 |
||